000 00488nam a22001577u 4500
008 130405s2010 xxu||||| |||| 00| 0 spa d
020 _a9788484404552
041 _aspa
100 1 _aPrieto Ramiro, Rafael
_929668
245 0 0 _aCáritas Adviento y Navidad 2010-2011
_b:Hoy... estoy a tu puerta y llamo
_cRafael Prieto Ramiro
260 _aMadrid:
_bCáritas Española,
_c2010
300 _a245 p.
_c;21 cm.
650 0 4 _aLiturgia
_xNavidad y adviento
_918909
942 _cBK
001 92299
999 _c255959
_d255959